| 000 | 00000nam##2200000za#4500 |
| 001 | 9.590385 |
| 003 | CaOODSP |
| 005 | 20210624200112 |
| 007 | cr ||||||||||| |
| 008 | 150406|2014||||xxc|||||o f|0| 0 eng|d |
| 020 | |a978-1-100-54882-1 |
| 040 | |aCaOODSP|beng |
| 041 | |aeng |
| 041 | |afre |
| 043 | |an-cn--- |
| 086 | 1 |aFR4-2014/28-PDF |
| 110 | 1 |aCanada.|bForeign Affairs, Trade and Development Canada. |
| 245 | 10|aPeople's Republic of China / Air : |h[electronic resource]|bProtocol amending the Agreement between the Government of Canada and the Government of the People’s Republic of China on Air Transport, done at Zhuhai on 13 November 2012, in force: 17 October 2014 |
| 260 | |aOttawa - Ontario : |bForeign Affairs, Trade and Development Canada |cc2014. |
| 300 | |a12p. |
| 490 | 1 |aTreaty series|v2014/28 |
| 590 | |a15-10|b2015-03-06 |
| 792 | |tRépublique populaire de Chine / Air : |efre|w(CaOODSP)9.590386 |
| 830 | #0|aTreaty series ;|v2014/28|w(CaOODSP)9.500661 |
| 856 | 40|ahttp://publications.gc.ca|qPDF|s79 KB|uhttps://publications.gc.ca/collections/collection_2015/maecd-dfatd/FR4-2014-28.pdf|y2014/28 |